[Event "PRVA LIGA CENTRALNE SRBIJE 2018."]
[Site "Kragujevac"]
[Date "2018.09.21"]
[Round "10.1"]
[White "Damljanovic, Branko"]
[Black "Irizanin, Radoje"]
[Result "1-0"]
[WhiteElo "2470"]
[BlackElo "2296"]
[Annotator "Balkanchess"]
[PlyCount "125"]
[EventDate "2018.??.??"]
[WhiteClock "0:14:01"]
[BlackClock "0:07:44"]

1. Nf3 c5 2. e4 d6 3. d4 cxd4 4. Nxd4 Nf6 5. Nc3 a6 6. Be2 e6 7. O-O Be7 8. f4
Qc7 9. Kh1 Nc6 10. Be3 O-O 11. Qe1 Nxd4 12. Bxd4 b5 13. a3 Bb7 14. Qg3 g6 15.
f5 e5 16. Be3 Rfc8 17. Bd3 Qd8 18. Qh3 Nh5 19. g4 Nf4 20. Bxf4 exf4 21. fxg6
hxg6 22. Rxf4 Rc7 23. Raf1 Bf8 24. Qf3 Qe7 25. a4 bxa4 26. Qe2 Qe6 27. Rf6 Qc8
28. Nxa4 Bg7 29. Nb6 Qd8 30. Nxa8 Bxa8 31. Qf3 Qxf6 32. Qxf6 Bxf6 33. Rxf6 Rc6
34. Kg1 a5 35. b3 Kg7 36. g5 Rc5 37. h4 Re5 38. Rf4 Bc6 39. Kf2 a4 40. bxa4
Bxa4 41. Ke3 Rc5 42. Rf2 Bd7 43. Kd4 Be6 44. Rf1 Rc7 45. Ra1 Kf8 46. c4 Ke7 47.
e5 dxe5+ 48. Kxe5 Rd7 49. Ra3 Rd8 50. Ra7+ Kf8 51. Kf6 Rc8 52. Ra4 Bd7 53. Rb4
Re8 54. Rb6 Re3 55. Rd6 Rf3+ 56. Ke5 Ke7 57. Rd4 Bc6 58. Be4 Bxe4 59. Kxe4 Rf5
60. Ke3 f6 61. Rf4 Rc5 62. gxf6+ Kf7 63. Kd4 1-0

[Event "PRVA LIGA CENTRALNE SRBIJE 2018."]
[Site "Kragujevac"]
[Date "2018.09.21"]
[Round "10.1"]
[White "Ostojic, Nikola"]
[Black "Mirkovic, Stevan"]
[Result "1-0"]
[WhiteElo "2441"]
[BlackElo "2307"]
[Annotator "Balkanchess"]
[PlyCount "61"]
[EventDate "2018.??.??"]
[WhiteClock "0:21:07"]
[BlackClock "0:12:22"]

1. Nf3 Nf6 2. g3 e6 3. Bg2 d5 4. O-O Be7 5. c4 dxc4 6. Qa4+ Nbd7 7. Qxc4 c5 8.
Qc2 O-O 9. d4 Qb6 10. Rd1 cxd4 11. Nxd4 Bc5 12. e3 Ne5 13. Nb3 Be7 14. e4 Rd8
15. Be3 Rxd1+ 16. Qxd1 Qd8 17. Na3 Bd7 18. Qe2 Qf8 19. f4 Neg4 20. Bd4 Ba4 21.
e5 Bxb3 22. axb3 Bc5 23. Nc2 Bxd4+ 24. Nxd4 Qc5 25. Qc4 Nd7 26. Qxc5 Nxc5 27.
b4 Nd3 28. Bxb7 Rb8 29. Bf3 Nh6 30. Nc6 Rb6 31. Rd1 1-0

[Event "PRVA LIGA CENTRALNE SRBIJE 2018."]
[Site "Kragujevac"]
[Date "2018.09.21"]
[Round "10.1"]
[White "Gavrilovic, Leonardo"]
[Black "Nestorovic, Lazar"]
[Result "0-1"]
[WhiteElo "2243"]
[BlackElo "2353"]
[Annotator "Balkanchess"]
[PlyCount "68"]
[EventDate "2018.??.??"]
[WhiteClock "0:09:30"]
[BlackClock "0:01:52"]

1. Nf3 Nf6 2. c4 e6 3. Nc3 Bb4 4. Qc2 d6 5. d4 O-O 6. Bg5 Nbd7 7. e3 h6 8. Bh4
c5 9. a3 Bxc3+ 10. Qxc3 b6 11. dxc5 bxc5 12. Rd1 Qb6 13. Bd3 Rb8 14. Rd2 Bb7
15. O-O e5 16. Bf5 e4 17. Rfd1 exf3 18. Rxd6 Bc6 19. b4 a6 20. gxf3 Rfe8 21. e4
Qb7 22. bxc5 Ba4 23. c6 Bxc6 24. Qe3 Re5 25. Qf4 Rbe8 26. Kh1 Kf8 27. Bxd7 Nxd7
28. Rxh6 f6 29. Rg6 Rxe4 30. Qd6+ R4e7 31. Bxf6 Bxf3+ 32. Kg1 Bxd1 33. Rxg7
Nxf6 34. Qxf6+ Rf7 0-1

[Event "PRVA LIGA CENTRALNE SRBIJE 2018."]
[Site "Kragujevac"]
[Date "2018.09.21"]
[Round "10.1"]
[White "Blesic, Vaso"]
[Black "Matovic, Petar"]
[Result "1-0"]
[WhiteElo "2373"]
[BlackElo "2045"]
[Annotator "Balkanchess"]
[PlyCount "31"]
[EventDate "2018.??.??"]
[WhiteClock "1:20:35"]
[BlackClock "0:58:06"]

1. e4 c5 2. Nf3 Nc6 3. d4 cxd4 4. Nxd4 d5 5. exd5 Qxd5 6. Be3 e5 7. Nc3 Bb4 8.
Ndb5 Bxc3+ 9. bxc3 Qxd1+ 10. Rxd1 Rb8 11. Bc5 Nge7 12. Nc7+ Kf8 13. Bb5 Be6 14.
Nxe6+ fxe6 15. Rd7 Ke8 16. Rxe7+ 1-0

[Event "PRVA LIGA CENTRALNE SRBIJE 2018."]
[Site "Kragujevac,hotel Sumarice"]
[Date "2018.09.21"]
[Round "10.2"]
[White "Petkov, Vladimir"]
[Black "Popchev, Milko"]
[Result "1/2-1/2"]
[WhiteElo "2510"]
[BlackElo "2267"]
[PlyCount "55"]
[EventDate "2018.09.14"]
[WhiteTeam "Progres  Pirot"]
[BlackTeam "Krusik Valjevo"]

1. d4 d6 2. Nf3 Bg4 3. e4 e6 4. h3 Bh5 5. Qe2 Nd7 6. Nc3 Be7 7. g4 Bg6 8. h4 h5
9. g5 c6 10. Bh3 Nb6 11. Bf4 Qc7 12. O-O-O Rd8 13. d5 e5 14. Be3 c5 15. Nd2 a6
16. f4 exf4 17. Bxf4 Kf8 18. Rhf1 Nd7 19. Bxd7 Qxd7 20. e5 dxe5 21. Bxe5 Re8
22. Qh2 b5 23. Nde4 Rc8 24. Nd6 Rd8 25. Nce4 Bxd6 26. Nxd6 Ne7 27. Rf2 Kg8 28.
Rdf1 1/2-1/2

[Event "PRVA LIGA CENTRALNE SRBIJE 2018."]
[Site "Kragujevac,hotel Sumarice"]
[Date "2018.09.21"]
[Round "10.2"]
[White "Kostic, Vladimir G"]
[Black "Paunovic, Tomislav"]
[Result "1/2-1/2"]
[WhiteElo "2334"]
[BlackElo "2340"]
[PlyCount "36"]
[EventDate "2018.09.14"]
[WhiteTeam "Krusik Valjevo"]
[BlackTeam "Progres  Pirot"]

1. e4 g6 2. Bc4 Bg7 3. Nf3 e6 4. O-O Ne7 5. d4 d5 6. exd5 exd5 7. Bd3 O-O 8. c3
Nbc6 9. Re1 Be6 10. h3 Qd7 11. Bf4 Rfe8 12. Nbd2 Bf5 13. Qc2 Bxd3 14. Qxd3 Nf5
15. Kf1 f6 16. Rxe8+ Rxe8 17. Re1 Rxe1+ 18. Nxe1 Nd8 1/2-1/2

[Event "PRVA LIGA CENTRALNE SRBIJE 2018."]
[Site "Kragujevac,hotel Sumarice"]
[Date "2018.09.21"]
[Round "10.2"]
[White "Manic, Jovica"]
[Black "Ivanovic, Dragutin"]
[Result "1/2-1/2"]
[WhiteElo "2255"]
[BlackElo "2307"]
[PlyCount "88"]
[EventDate "2018.09.14"]
[WhiteTeam "Progres  Pirot"]
[BlackTeam "Krusik Valjevo"]

1. d4 d5 2. Bg5 c6 3. e3 Qb6 4. Qc1 Bf5 5. Nf3 h6 6. Bf4 Nf6 7. Nbd2 Nbd7 8. h3
e6 9. Be2 Be7 10. O-O O-O 11. Ne5 Nxe5 12. Bxe5 Nd7 13. Bh2 c5 14. c3 Rac8 15.
Nf3 Qa5 16. Qd2 Nf6 17. Rfc1 Qb6 18. Bf1 Rfd8 19. Qe2 a6 20. Ne5 Nd7 21. Qd2
Nf8 22. Bd3 Bxd3 23. Nxd3 Nd7 24. Re1 Qc6 25. Bg3 b5 26. Qe2 b4 27. cxb4 cxb4
28. Rac1 Qb5 29. Bc7 Re8 30. Qd2 a5 31. b3 Nc5 32. Nxc5 Rxc7 33. Nd3 Rc3 34.
Nb2 Rec8 35. Na4 R3c6 36. Rxc6 Qxc6 37. Nc5 e5 38. Rc1 exd4 39. Nd3 Qd7 40.
Rxc8+ Qxc8 41. exd4 Bf6 42. Nf4 Qf5 43. Ne2 Qe4 44. Kf1 g6 1/2-1/2

[Event "PRVA LIGA CENTRALNE SRBIJE 2018."]
[Site "Kragujevac,hotel Sumarice"]
[Date "2018.09.21"]
[Round "10.2"]
[White "Sandic, Vladeta"]
[Black "Todorovic, Bojan"]
[Result "1-0"]
[WhiteElo "2324"]
[BlackElo "2318"]
[PlyCount "121"]
[EventDate "2018.09.14"]
[WhiteTeam "Krusik Valjevo"]
[BlackTeam "Progres  Pirot"]

1. d4 Nf6 2. c4 g6 3. Nc3 Bg7 4. e4 d6 5. h3 O-O 6. Nf3 e5 7. d5 a5 8. Bg5 h6
9. Be3 Na6 10. g4 Nd7 11. a3 Nac5 12. Nd2 a4 13. h4 Nb6 14. h5 Bd7 15. Qe2 g5
16. f3 Qb8 17. Kf2 Bf6 18. Qd1 Bd8 19. Be2 Be7 20. Qc2 Rc8 21. Rhc1 Be8 22. Qd1
Nbd7 23. Kg2 Bd8 24. Rcb1 c6 25. b4 axb3 26. Nxb3 Nxb3 27. Qxb3 Ba5 28. Nd1
cxd5 29. exd5 Rc7 30. Qd3 Qd8 31. Nf2 Nf6 32. Ne4 Rac8 33. Rc1 b6 34. Rab1 Rb8
35. Rb2 Ba4 36. Nxf6+ Qxf6 37. Qe4 Bd7 38. Bd3 Kg7 39. Rcb1 Rcb7 40. Rb3 Ba4
41. R3b2 Bc3 42. Rxb6 Rxb6 43. Rxb6 Rxb6 44. Bxb6 Bd1 45. Be3 Bd4 46. Bxd4 exd4
47. Kf2 Kf8 48. Be2 Ba4 49. Ke1 Bd7 50. Kd2 Kg8 51. Kd3 Qd8 52. Qxd4 Qa5 53.
Qb2 Qc7 54. Qb4 f5 55. a4 f4 56. a5 Bc8 57. Qb6 Qe7 58. Qd4 Qb7 59. Kc2 Bd7 60.
Qb6 Ba4+ 61. Kd2 1-0

[Event "PRVA LIGA CENTRALNE SRBIJE 2018."]
[Site "Kragujevac,hotel Sumarice"]
[Date "2018.09.21"]
[Round "10.2"]
[White "Jovanovic, Bojan P"]
[Black "Zivkovic, Dejan"]
[Result "1/2-1/2"]
[WhiteElo "2275"]
[BlackElo "2290"]
[PlyCount "49"]
[EventDate "2018.09.14"]
[WhiteTeam "Progres  Pirot"]
[BlackTeam "Krusik Valjevo"]

1. d4 Nf6 2. Nf3 b5 3. e4 Nxe4 4. Bxb5 Bb7 5. O-O e6 6. Re1 Be7 7. Bd3 Nf6 8.
c4 O-O 9. Nc3 d6 10. Bc2 Nbd7 11. Qd3 c5 12. d5 e5 13. Ng5 g6 14. Qh3 Re8 15.
f4 exf4 16. Bxf4 Nh5 17. Nce4 Nf8 18. Bd2 f5 19. Nf2 Ng7 20. Qh6 Bf6 21. Ba4
Rxe1+ 22. Rxe1 Bc8 23. Nd3 Bd7 24. Bd1 Nh5 25. Ne6 1/2-1/2

[Event "PRVA LIGA CENTRALNE SRBIJE 2018."]
[Site "Kragujevac,hotel Sumarice"]
[Date "2018.09.21"]
[Round "10.2"]
[White "Zivanovic, Bojan"]
[Black "Arandjelovic, Aleksandar Z"]
[Result "1-0"]
[WhiteElo "2093"]
[BlackElo "2041"]
[PlyCount "83"]
[EventDate "2018.09.14"]
[WhiteTeam "Krusik Valjevo"]
[BlackTeam "Progres  Pirot"]

1. e4 c5 2. Nf3 d6 3. Bb5+ Bd7 4. Bxd7+ Nxd7 5. O-O e5 6. c3 Ngf6 7. Re1 Be7 8.
d4 O-O 9. Nbd2 cxd4 10. cxd4 Rc8 11. b3 b5 12. Bb2 Qc7 13. Rc1 Qb8 14. Rxc8
Rxc8 15. Qb1 Bf8 16. Rc1 Rxc1+ 17. Qxc1 Qb7 18. Qc2 exd4 19. Bxd4 Ng4 20. Qc3
a6 21. Nh4 Nc5 22. h3 Nh6 23. Qc2 Qe7 24. Nhf3 f6 25. Be3 Nf7 26. b4 Nd7 27.
Qc6 Nde5 28. Nxe5 Qxe5 29. Qxa6 d5 30. exd5 Qxd5 31. a4 bxa4 32. Qxa4 h6 33.
Qe8 Nd6 34. Qd8 Qe5 35. Nf3 Qa1+ 36. Kh2 Nf7 37. Qe8 Nd6 38. Qe6+ Kh7 39. Bc5
Qd1 40. Nd4 Nb7 41. Qe4+ Kg8 42. Qd5+ 1-0

[Event "PRVA LIGA CENTRALNE SRBIJE 2018."]
[Site "Kragujevac,hotel Sumarice"]
[Date "2018.09.21"]
[Round "10.3"]
[White "Atakisi, Umut"]
[Black "Soysal, Serkan"]
[Result "1/2-1/2"]
[WhiteElo "2397"]
[BlackElo "2404"]
[PlyCount "102"]
[EventDate "2018.09.14"]
[WhiteTeam "OSK Paracin  Paracin"]
[BlackTeam "Radnicki Vodovod Kragujevac"]

1. c4 e6 2. Nf3 Nf6 3. g3 d5 4. d4 Be7 5. Bg2 O-O 6. O-O dxc4 7. Qc2 b6 8. Nbd2
Bb7 9. Nxc4 Be4 10. Qd2 Qd5 11. b3 c5 12. Bb2 cxd4 13. Qxd4 Nc6 14. Qxd5 Bxd5
15. Nfe5 Rac8 16. Rac1 Bc5 17. Nxc6 Bxc6 18. Bxc6 Rxc6 19. Ne5 Rcc8 20. Rfd1 h6
21. Nd7 Nxd7 22. Rxd7 Rcd8 23. Rcd1 Rxd7 24. Rxd7 a5 25. e3 Rc8 26. Be5 a4 27.
Bd4 axb3 28. axb3 Bxd4 29. Rxd4 b5 30. Kg2 Rc3 31. Rb4 Rc5 32. Rd4 g5 33. Rd8+
Kg7 34. Rb8 g4 35. h3 h5 36. Rb7 Kg6 37. hxg4 hxg4 38. Kf1 f6 39. e4 Re5 40.
Kg2 Rxe4 41. Rxb5 f5 42. b4 Kf6 43. Kf1 Ke7 44. f3 gxf3 45. Kf2 Kf6 46. Kxf3
Rc4 47. Rb8 Rc3+ 48. Kg2 Ke5 49. b5 Ke4 50. b6 Rb3 51. b7 e5 1/2-1/2

[Event "PRVA LIGA CENTRALNE SRBIJE 2018."]
[Site "Kragujevac,hotel Sumarice"]
[Date "2018.09.21"]
[Round "10.3"]
[White "Radovanovic, Nikola"]
[Black "Mladenovic, Stefan"]
[Result "1/2-1/2"]
[WhiteElo "2420"]
[BlackElo "2355"]
[PlyCount "45"]
[EventDate "2018.09.14"]
[WhiteTeam "Radnicki Vodovod Kragujevac"]
[BlackTeam "OSK Paracin  Paracin"]

1. e4 c5 2. Nf3 d6 3. d4 cxd4 4. Qxd4 a6 5. h3 Nc6 6. Qe3 g6 7. c4 Bg7 8. Be2
Nf6 9. O-O O-O 10. Nc3 Be6 11. Rb1 h6 12. b3 Nd7 13. Bb2 Nc5 14. Nd5 f5 15.
Bxg7 Kxg7 16. exf5 Bxf5 17. Rbd1 a5 18. Nd4 Nxd4 19. Rxd4 Rf7 20. Re1 Qf8 21.
Bf1 Re8 22. Nc3 Bd7 23. Rd2 1/2-1/2

[Event "PRVA LIGA CENTRALNE SRBIJE 2018."]
[Site "Kragujevac,hotel Sumarice"]
[Date "2018.09.21"]
[Round "10.3"]
[White "Cvetanovic, Uros"]
[Black "Barlov, Dragan"]
[Result "0-1"]
[WhiteElo "2295"]
[BlackElo "2414"]
[PlyCount "110"]
[EventDate "2018.09.14"]
[WhiteTeam "OSK Paracin  Paracin"]
[BlackTeam "Radnicki Vodovod Kragujevac"]

1. b3 d5 2. Bb2 c5 3. e3 a6 4. f4 Nc6 5. Nf3 e6 6. Be2 Nf6 7. O-O Be7 8. Qe1
O-O 9. d3 b5 10. Ne5 Bb7 11. Nd2 Rc8 12. Ndf3 d4 13. e4 Nxe5 14. Nxe5 Nd7 15.
Bc1 Nxe5 16. fxe5 Bh4 17. Qd2 h6 18. Qf4 f5 19. exf6 Rxf6 20. Qg4 Rxf1+ 21.
Bxf1 Qf6 22. g3 Rf8 23. Bf4 Bg5 24. Bxg5 Qxg5 25. Qxg5 hxg5 26. Bh3 Re8 27. a4
b4 28. Rf1 a5 29. Kg2 Bc6 30. Bg4 c4 31. Bf3 c3 32. e5 Bxf3+ 33. Kxf3 Rf8+ 34.
Kg2 Rxf1 35. Kxf1 g4 36. Kg2 Kh7 37. h3 Kg6 38. hxg4 Kg5 39. Kf3 g6 40. Ke4
Kxg4 41. Kxd4 Kf3 42. Kc5 Ke2 43. d4 Kd2 44. d5 Kxc2 45. dxe6 Kxb3 46. e7 c2
47. e8=Q c1=Q+ 48. Kb5 Ka2 49. e6 b3 50. Qf7 b2 51. e7+ Ka1 52. e8=Q b1=Q+ 53.
Kxa5 Qc3+ 54. Ka6 Qbd3+ 55. Qb5 Qc6+ 0-1

[Event "PRVA LIGA CENTRALNE SRBIJE 2018."]
[Site "Kragujevac,hotel Sumarice"]
[Date "2018.09.21"]
[Round "10.3"]
[White "Zlatanovic, Boroljub"]
[Black "Todorovic, Nenad I"]
[Result "1/2-1/2"]
[WhiteElo "2371"]
[BlackElo "2291"]
[PlyCount "181"]
[EventDate "2018.09.14"]
[WhiteTeam "Radnicki Vodovod Kragujevac"]
[BlackTeam "OSK Paracin  Paracin"]

1. c4 c5 2. Nc3 Nc6 3. g3 g6 4. Bg2 Bg7 5. Nf3 e5 6. O-O Nge7 7. Ne1 d6 8. Nc2
O-O 9. a3 Be6 10. Ne3 a5 11. d3 Rb8 12. Ned5 Nd4 13. e3 Ndf5 14. Bd2 Nxd5 15.
Nxd5 b5 16. Qc2 Bd7 17. b3 Re8 18. Rfb1 Ne7 19. Nc3 b4 20. axb4 axb4 21. Nd5
Nxd5 22. Bxd5 Qb6 23. e4 Bc6 24. Bxc6 Qxc6 25. Ra5 Ra8 26. Rba1 Rxa5 27. Rxa5
Ra8 28. Qa2 Rxa5 29. Qxa5 Bf6 30. Qa7 Kg7 31. Kg2 Bd8 32. Qb8 Qc7 33. Qa8 Qa5
34. Qc8 Qc7 35. Qh3 h5 36. g4 Qc8 37. gxh5 Qxh3+ 38. Kxh3 gxh5 39. f4 exf4 40.
Bxf4 Be7 41. Kg3 Kf6 42. d4 Kg6 43. Kf3 f6 44. Bg3 Bf8 45. Bh4 f5 46. h3 Bg7
47. dxc5 dxc5 48. Be7 Bd4 49. Kf4 fxe4 50. Kxe4 Kf7 51. Bd8 Ke6 52. Kf4 Bg1 53.
Bh4 Bd4 54. Bg5 Be5+ 55. Ke4 Bd6 56. Be3 Bf8 57. Bf2 Bd6 58. Bg1 Bf8 59. Be3
Bd6 60. Bg5 Bf8 61. Be3 Bd6 62. Bh6 Be7 63. Kf4 Bh4 64. Bf8 Bf2 65. Bg7 Bh4 66.
Bf8 Bf2 67. Kf3 Bd4 68. Ke4 Bg1 69. Bh6 Bd4 70. Bd2 Bg1 71. Be1 Bh2 72. Bh4 Bd6
73. Bf2 Bf8 74. Kf4 Kf6 75. Bh4+ Ke6 76. Bd8 Bh6+ 77. Ke4 Bg7 78. Bb6 Bd4 79.
Ba7 Bg1 80. Bb8 Bd4 81. Kf4 Bf6 82. Bc7 Be7 83. Bb6 Bf8 84. Ba7 Bh6+ 85. Ke4
Bf8 86. Bb8 Bh6 87. Be5 Bf8 88. Bh2 Bh6 89. Bg1 Bf8 90. Bf2 Bd6 91. Be3 1/2-1/2

[Event "PRVA LIGA CENTRALNE SRBIJE 2018."]
[Site "Kragujevac,hotel Sumarice"]
[Date "2018.09.21"]
[Round "10.3"]
[White "Markovic, Milan D"]
[Black "Radovic, Luka"]
[Result "0-1"]
[WhiteElo "2247"]
[BlackElo "2342"]
[PlyCount "80"]
[EventDate "2018.09.14"]
[WhiteTeam "OSK Paracin  Paracin"]
[BlackTeam "Radnicki Vodovod Kragujevac"]

1. g3 c5 2. Bg2 Nc6 3. f4 g6 4. Nf3 Bg7 5. e4 e6 6. c4 Nge7 7. d3 d5 8. Qe2 O-O
9. Be3 b6 10. O-O Bb7 11. Bf2 Qd7 12. Nc3 d4 13. Nd1 e5 14. f5 f6 15. Bh3 Qd6
16. Nh4 Bc8 17. Be1 Bd7 18. Bd2 Rab8 19. a4 a6 20. g4 g5 21. Nf3 b5 22. axb5
axb5 23. b3 bxc4 24. bxc4 h6 25. Bg2 Nd8 26. h4 Nf7 27. Nf2 Rb2 28. Rfb1 Rfb8
29. Rxb2 Rxb2 30. Ra8+ Rb8 31. Ra7 Nc6 32. Ra6 Bf8 33. Qd1 Qc7 34. Qa1 Qb7 35.
Bf1 Be7 36. Be2 Bd8 37. Bd1 Kg7 38. Qa3 Be7 39. Kf1 Bc8 40. Qa4 Qxa6 0-1

[Event "PRVA LIGA CENTRALNE SRBIJE 2018."]
[Site "Kragujevac,hotel Sumarice"]
[Date "2018.09.21"]
[Round "10.3"]
[White "Radovic, Janko"]
[Black "Dimitrijevic, Nenad"]
[Result "1-0"]
[WhiteElo "2405"]
[BlackElo "2216"]
[PlyCount "120"]
[EventDate "2018.09.14"]
[WhiteTeam "Radnicki Vodovod Kragujevac"]
[BlackTeam "OSK Paracin  Paracin"]

1. e4 e6 2. d4 d5 3. Nc3 dxe4 4. Nxe4 Nf6 5. Bd3 a6 6. Nf3 Nbd7 7. Nxf6+ Nxf6
8. Bg5 c5 9. dxc5 Qa5+ 10. c3 Qxc5 11. O-O Bd7 12. Re1 Bd6 13. Qe2 b6 14. Be3
Qc7 15. Bd4 Bc5 16. Be5 Bd6 17. Rad1 Bxe5 18. Nxe5 O-O 19. Bb1 Ba4 20. Rd4 Bc6
21. Red1 Bb5 22. c4 Ba4 23. b3 Bc6 24. h3 Rfd8 25. Qd2 Rxd4 26. Qxd4 Be8 27.
Bd3 Kf8 28. Be2 Rc8 29. Bf3 b5 30. Qd6+ Qxd6 31. Rxd6 bxc4 32. Nxc4 Bb5 33. Bb7
Rb8 34. Na5 Ke7 35. Rd1 Rd8 36. Rc1 Rd6 37. a4 Bd7 38. Nc4 Rd3 39. Rb1 Nd5 40.
Ne5 Nc3 41. Nxd3 Nxb1 42. Bxa6 Nd2 43. Nc5 Bc6 44. b4 Kd6 45. Bd3 Bd5 46. f3 f5
47. Kf2 g5 48. a5 Kc6 49. a6 Kb6 50. Na4+ Ka7 51. b5 Nb3 52. b6+ Kb8 53. Nc3
Bc6 54. Bb5 Ba8 55. Na4 Nd4 56. Bd7 Bc6 57. Nc5 f4 58. a7+ Ka8 59. Bc8 Nb5 60.
Nxe6 Nd6 1-0

[Event "PRVA LIGA CENTRALNE SRBIJE 2018."]
[Site "Kragujevac"]
[Date "2018.09.21"]
[Round "10.4"]
[White "Ristic, Nenad"]
[Black "Savicevic, Vlatko"]
[Result "1/2-1/2"]
[WhiteElo "2359"]
[BlackElo "2338"]
[PlyCount "24"]
[EventDate "2018.??.??"]

1. c4 e6 2. Nf3 d5 3. b3 Nf6 4. Bb2 Be7 5. e3 O-O 6. Be2 b6 7. O-O Bb7 8. d3 c5
9. Ne5 Nc6 10. Nxc6 Bxc6 11. Nd2 dxc4 12. bxc4 Nd7 1/2-1/2

[Event "PRVA LIGA CENTRALNE SRBIJE 2018."]
[Site "Kragujevac"]
[Date "2018.09.21"]
[Round "10.5"]
[White "Csonka, Balazs"]
[Black "Draskovic, Luka"]
[Result "1/2-1/2"]
[WhiteElo "2450"]
[BlackElo "2449"]
[Annotator "Balkanchess"]
[PlyCount "31"]
[EventDate "2018.??.??"]
[WhiteClock "0:32:20"]
[BlackClock "0:48:49"]

1. e4 c5 2. Nf3 d6 3. Bb5+ Bd7 4. Bxd7+ Qxd7 5. c4 Nf6 6. Nc3 e6 7. O-O Nc6 8.
d4 cxd4 9. Nxd4 Be7 10. b3 O-O 11. Bb2 Rfd8 12. Rc1 Rac8 13. Re1 Bf8 14. h3
Nxd4 15. Qxd4 a6 16. Rcd1 1/2-1/2

[Event "PRVA LIGA CENTRALNE SRBIJE 2018."]
[Site "Kragujevac"]
[Date "2018.09.21"]
[Round "10.5"]
[White "Djordjevic, Vuk"]
[Black "Stankovic, Milos"]
[Result "0-1"]
[WhiteElo "2404"]
[BlackElo "2443"]
[Annotator "Balkanchess"]
[PlyCount "82"]
[EventDate "2018.??.??"]
[WhiteClock "0:18:10"]
[BlackClock "0:33:07"]

1. d4 e6 2. Nf3 Nf6 3. Bg5 c5 4. e3 Qb6 5. Nbd2 d5 6. Bxf6 gxf6 7. c4 cxd4 8.
exd4 dxc4 9. Bxc4 Bg7 10. O-O O-O 11. d5 e5 12. Bd3 f5 13. Nc4 Qc7 14. d6 Qc5
15. b4 Qxb4 16. Ncxe5 Be6 17. Re1 Qxd6 18. Bc4 Qxd1 19. Raxd1 Na6 20. Bxe6 fxe6
21. Nd7 Rfe8 22. Nde5 Rad8 23. g3 Nc5 24. Nc4 Ne4 25. Na5 b6 26. Nc6 Rc8 27.
Nxa7 Rc2 28. Nb5 Nxf2 29. Rd2 Rxd2 30. Nxd2 Nd3 31. Re3 Nc5 32. Nf3 Rd8 33. Ra3
Bf6 34. h3 e5 35. Kf2 e4 36. Nh4 f4 37. Nf5 f3 38. Nbd6 Be5 39. Nc4 Bd4+ 40.
Kf1 b5 41. Nd2 Bb2 0-1

[Event "PRVA LIGA CENTRALNE SRBIJE 2018."]
[Site "Kragujevac"]
[Date "2018.09.21"]
[Round "10.5"]
[White "Dudukovic, Nikola"]
[Black "Radovanovic, Mihajlo"]
[Result "0-1"]
[WhiteElo "2404"]
[BlackElo "2427"]
[Annotator "Balkanchess"]
[PlyCount "96"]
[EventDate "2018.??.??"]
[WhiteClock "0:22:17"]
[BlackClock "0:20:41"]

1. d4 Nf6 2. Nf3 g6 3. g3 Bg7 4. Bg2 O-O 5. c4 d6 6. O-O Nc6 7. Nc3 e5 8. dxe5
dxe5 9. Bg5 Be6 10. Qa4 Qc8 11. Rfd1 Nd7 12. Nd5 e4 13. Nd2 Bxd5 14. cxd5 Nd4
15. Nxe4 Nb6 16. Qa5 Qf5 17. Be3 Nc2 18. Rac1 Nxe3 19. fxe3 Qe5 20. Qc5 f5 21.
Nd2 Qxb2 22. Rc2 Qf6 23. Nf1 Rf7 24. Qb5 Qd6 25. Qb3 a5 26. Rd3 a4 27. Qb5 Re7
28. Qc5 Rae8 29. Rd1 Qxc5 30. Rxc5 Be5 31. Rb5 Bd6 32. Kf2 a3 33. Rd3 Na4 34.
Rd4 Nc3 35. Rxb7 Nxa2 36. Rc4 Ra8 37. Nd2 Ree8 38. Rcxc7 Bxc7 39. Rxc7 Nb4 40.
d6 a2 41. Nb3 a1=Q 42. Nxa1 Rxa1 43. d7 Rf8 44. Rc4 Rb1 45. Rd4 Rd8 46. e4 Nc6
47. Rd6 Ne5 48. exf5 Rxd7 0-1

[Event "PRVA LIGA CENTRALNE SRBIJE 2018."]
[Site "Kragujevac"]
[Date "2018.09.21"]
[Round "10.5"]
[White "Pezelj, Novak"]
[Black "Nestorovic, Dejan"]
[Result "1/2-1/2"]
[WhiteElo "2457"]
[BlackElo "2340"]
[Annotator "Balkanchess"]
[PlyCount "81"]
[EventDate "2018.??.??"]
[WhiteClock "0:39:11"]
[BlackClock "0:31:01"]

1. e4 c5 2. Nf3 e6 3. c3 Nf6 4. e5 Nd5 5. d4 cxd4 6. cxd4 d6 7. Bc4 Nc6 8. O-O
Be7 9. Bd2 O-O 10. Nc3 Nb6 11. Bb3 d5 12. Qe2 Na5 13. Bc2 Nbc4 14. Qd3 g6 15.
Bh6 Re8 16. Rab1 Bd7 17. g3 Rc8 18. h4 Bf8 19. Bxf8 Rxf8 20. h5 Qe7 21. Kg2 Be8
22. Nh4 Qc7 23. Rfc1 Nxb2 24. Qf3 Qxc3 25. Qf6 Qd2 26. Nf3 Qh6 27. hxg6 fxg6
28. Qxe6+ Bf7 29. Qg4 Nbc4 30. e6 Rc7 31. exf7+ Rcxf7 32. Qe6 Kh8 33. Rh1 Qg7
34. Rxh7+ Qxh7 35. Rh1 Qxh1+ 36. Kxh1 Rxf3 37. Qxg6 R8f7 38. Qh6+ Kg8 39. Qg5+
Kf8 40. Qd8+ Kg7 41. Qg5+ 1/2-1/2

[Event "PRVA LIGA CENTRALNE SRBIJE 2018."]
[Site "Kragujevac"]
[Date "2018.09.21"]
[Round "10.5"]
[White "Rajkovic, Mladen"]
[Black "Dimitrijevic, Radmilo"]
[Result "1/2-1/2"]
[WhiteElo "2304"]
[BlackElo "2247"]
[Annotator "Balkanchess"]
[PlyCount "62"]
[EventDate "2018.??.??"]
[WhiteClock "0:13:34"]
[BlackClock "0:19:57"]

1. e4 c5 2. Nf3 e6 3. d4 cxd4 4. Nxd4 Nc6 5. Nc3 d6 6. g4 a6 7. Be3 Nge7 8. f4
Nxd4 9. Qxd4 Nc6 10. Qd2 b5 11. O-O-O Qa5 12. Kb1 b4 13. Ne2 Be7 14. e5 dxe5
15. Bg2 Qc7 16. Bc5 Bb7 17. Bd6 Bxd6 18. Qxd6 Qxd6 19. Rxd6 Rc8 20. fxe5 Rc7
21. Rhd1 Ke7 22. Bxc6 Bxc6 23. Nd4 Rhc8 24. Rd2 a5 25. Nxc6+ Rxc6 26. Rd7+ Ke8
27. Ra7 Rc5 28. Rdd7 Rxc2 29. Re7+ Kf8 30. Rxf7+ Ke8 31. Rfe7+ Kf8 1/2-1/2

[Event "PRVA LIGA CENTRALNE SRBIJE 2018."]
[Site "Kragujevac"]
[Date "2018.09.21"]
[Round "10.6"]
[White "Ivanov, Mikhail M"]
[Black "Zajic, Milan"]
[Result "1/2-1/2"]
[WhiteElo "2367"]
[BlackElo "2497"]
[Annotator "Balkanchess"]
[PlyCount "38"]
[EventDate "2018.??.??"]
[WhiteClock "1:02:02"]
[BlackClock "0:43:15"]

1. Nf3 Nf6 2. g3 d5 3. Bg2 e6 4. O-O Be7 5. d4 O-O 6. c4 dxc4 7. Ne5 Nc6 8.
Bxc6 bxc6 9. Nxc6 Qe8 10. Nxe7+ Qxe7 11. Qa4 c5 12. Qxc4 cxd4 13. Qxd4 e5 14.
Qh4 h6 15. Nc3 Bb7 16. Be3 Qe6 17. f3 Rfc8 18. Qb4 Rcb8 19. Qa5 Qh3 1/2-1/2

[Event "PRVA LIGA CENTRALNE SRBIJE 2018."]
[Site "Kragujevac"]
[Date "2018.09.21"]
[Round "10.6"]
[White "Perunovic, Miodrag"]
[Black "Radovanovic, Jovica"]
[Result "1/2-1/2"]
[WhiteElo "2433"]
[BlackElo "2322"]
[Annotator "Balkanchess"]
[PlyCount "85"]
[EventDate "2018.??.??"]
[WhiteClock "0:45:39"]
[BlackClock "0:30:33"]

1. d4 d5 2. c4 c6 3. Nf3 Nf6 4. e3 Bf5 5. Nc3 a6 6. Bd2 b5 7. cxd5 cxd5 8. a4
b4 9. Na2 a5 10. Ne5 h5 11. Bb5+ Nbd7 12. Nc1 Rc8 13. Ncd3 Bxd3 14. Nxd3 e6 15.
Ne5 Bd6 16. f4 Bxe5 17. fxe5 Ne4 18. O-O g6 19. Be1 O-O 20. Bd3 Qg5 21. Rf4 f5
22. exf6 Ndxf6 23. h3 Qh6 24. Rc1 Qg7 25. Ba6 Rc7 26. Rc2 Ra8 27. Rxc7 Qxc7 28.
Bd3 Kg7 29. Rf1 Rf8 30. Rf3 Rf7 31. Qe2 Ng5 32. Rf1 Nfe4 33. Rxf7+ Nxf7 34.
Bxe4 dxe4 35. Qa6 Qc1 36. Kf1 Qxe3 37. Qxa5 Qd3+ 38. Kg1 Qe3+ 39. Kf1 Qd3+ 40.
Kg1 Qe3+ 41. Kf1 Qd3+ 42. Kg1 Qxd4+ 43. Kh2 1/2-1/2